Obálka Náhled e-knihy:
Epub
Pro půjčování e-knih musíte být přihlášeni.
Jak si půjčit online?

Druhá šance /

Kdo z nás by po nepovedeném manželství nechtěl dostat druhou šanci na lásku, štěstí a rodinu?  V novém napínavém románu Druhá šance, od autorky Moniky Knápkové, se hlavní hrdinka Nela, vzpamatovává z bolestného rozvodu, ve kterém nechyběly drogy, alkohol a domácí násilí. K...

Celý popis

Uloženo v:
Hlavní autor: Knápková, Monika (Autor)
Médium: E-kniha
Jazyk:Czech
Vydáno: Praha : Viking, 2021
Tagy:
Žádné tagy
LEADER 02016nam a22002297i 4500
001 311293
007 ta
008 260601s2021 xr ||||| |||| 00| 0 cze d
020 |a 9788074823671 
044 |a xr 
100 1 |a  Knápková, Monika  |4 aut 
245 1 0 |a Druhá šance /  |c  Knápková, Monika 
264 1 |a Praha :  |b Viking,  |c 2021 
300 |a 1 online zdroj (140 stran) 
336 |a text  |b txt  |2 rdacontent 
337 |a bez média  |b n  |2 rdamedia 
338 |a online zdroj  |b cr  |2 rdacarrier 
520 2 |a Kdo z nás by po nepovedeném manželství nechtěl dostat druhou šanci na lásku, štěstí a rodinu?  V novém napínavém románu Druhá šance, od autorky Moniky Knápkové, se hlavní hrdinka Nela, vzpamatovává z bolestného rozvodu, ve kterém nechyběly drogy, alkohol a domácí násilí. Když se ji to ani po roce nedaří, její nejlepší kamarádky, Jarka a Denisa ji pošlou k psychoterapeutovi, který by ji měl zbavit trápení. Nela si ale splete jména a najednou se ocitne v domě přitažlivého Tomáše, který rozhodně není žádný terapeut! I když si Nela zakázala do svého života vpustit dalšího muže, začne se s Tomášem scházet. Tomáš jí ale nabídne pouze kamarádství s výhodami. Nela jeho nabídku přijímá, a když se jednoho dne seznámí s Vikem, nejlepším kamarádem Tomáše, zamiluje se, jako nikdy v životě. I přes počáteční nezdary začne přece jen s Vikem chodit a zdá se, že on je ten pravý! Jenže opět dostane od života drsnou lekci a takřka přes noc se bude muset rozhodnout, jak bude dál žít. 
910 |a RBIT002 
998 |d 312592  |a https://core.palmknihy.cz/api/books/312592/cover?qp93vi  |b https://core.palmknihy.cz/api/books/312592/cover/400?qp93vi  |c https://core.palmknihy.cz/api/books/312592/cover/50?qp93vi  |e   |g 140  |i 9788074823671  |j https://core.palmknihy.cz/api/books/312592/preview.epub  |l   |q 49  |r 1  |s https://www.palmknihy.cz/kniha/312592  |t ebook  |y 2021  |z 1 
999 |d 311291